000 00315nam a22001457a 4500
008 230616b ||||| |||| 00| 0 eng d
020 _a9780321816962
041 _aeng
080 _a51
082 _a51McW
100 _a23
101 _aMATEM
245 _aPRECALCULUS ESSENTIALS
_cMcWATERS.R
942 _2udc
_cBK
999 _c60000
_d60000